| 000 | 00707cam a2200253 i 4500 | ||
|---|---|---|---|
| 020 | _a9781853397905 | ||
| 020 | _a1853397903 | ||
| 020 | _a1853397911 | ||
| 020 | _a9781853397912 | ||
| 040 | _cUKMGB | ||
| 082 | _a981 IIE 2009 C143 Or. | ||
| 245 | 0 | 0 |
_aCommunity-based adaptation to climate change : _bemerging lessons / |
| 300 |
_ax, 206 pages : _billustrations ; _c24 cm |
||
| 650 | 0 | _aClimate change mitigation | |
| 650 | 0 | _aClimatic changes | |
| 650 | 0 | _aClimatic changes. | |
| 650 | 0 | _aClimatic changes | |
| 650 | 0 | _aCommunity development. | |
| 650 | 0 | _aSustainable development. | |
| 700 | 1 | _aEnsor, Jonathan, | |
| 700 | 1 | _aHuq, Saleemul, | |
| 700 | 1 | _aBerger, Rachel, | |
| 942 | _cAEDBB | ||
| 999 |
_c18400 _d18400 |
||